| 000 | 00617cam a2200241 i 4500 | ||
|---|---|---|---|
| 001 | 4173576 | ||
| 005 | 20180131044419.0 | ||
| 008 | 800604s1979 ncu b 000 0 eng | ||
| 010 | _a 79051943 | ||
| 020 | _a0890891346 | ||
| 020 | _a0890891354 (pbk.) | ||
| 040 |
_aDLC _cDLC _dDLC |
||
| 041 | _aeng | ||
| 043 | _an-us--- | ||
| 080 | _a338.060973 KRE | ||
| 082 | 0 | 0 | _a338.060973 KRE |
| 100 | 1 | _aMEN | |
| 101 | _a54 | ||
| 245 | 1 | 4 |
_aThe middle class burden / _cWilliam P. Kreml. |
| 504 | _aIncludes bibliographical references. | ||
| 906 |
_a7 _bcbc _corignew _d2 _eocip _f19 _gy-gencatlg |
||
| 942 |
_2ddc _cBK |
||
| 999 |
_c41351 _d41351 |
||